Third Annual Seminar on Productivity and Sustainable Utilization of Brackish Water Mangrove Ecosystems, 8-9 December 1997, Kuala Lumpur, Malaysia : Proceedings

Bibliographic Details
Corporate Author: SEMINAR on Productivity and Sustainable Utilization of Brackish Water Mangrove Ecosystems
Other Authors: Chong (Ving Ching), Choo
Format: Book
Published: Japan; Penang; Kuala Lumpur : Japan International Research Center for Agricultural Sciences (JIRCAS); Fisheries Research Institute; University of Malaya; Forest Research Institute Malaysia , 1999
Subjects:

MARC

LEADER 00000cam a2200000 7i4500
001 0000001306
005 20140412.0
090 0 0 |a 577.698   |b SEM 1999 
110 1 0 |a SEMINAR on Productivity and Sustainable Utilization of Brackish Water Mangrove Ecosystems   |k 1997   |j Kuala Lumpur 
245 1 0 |a Third Annual Seminar on Productivity and Sustainable Utilization of Brackish Water Mangrove Ecosystems, 8-9 December 1997, Kuala Lumpur, Malaysia :   |b Proceedings   |c editors, Chong V. C. and Choo P. S. 
260 0 0 |a Japan; Penang; Kuala Lumpur :   |b Japan International Research Center for Agricultural Sciences (JIRCAS); Fisheries Research Institute; University of Malaya; Forest Research Institute Malaysia ,   |c 1999 
300 |a vii, 153 p. :   |b ill., maps ;   |c 30 cm. 
500 0 0 |a Includes bibliographical refernces 
650 0 0 |a Mangrove swamp ecology   |x Congresses 
700 0 1 |a Chong   |h V. C. ,   |d (Ving Ching) 
700 0 1 |a Choo   |h Poh Sze 
998 |a JPSM 
999 |a 0000002204   |b Monograph   |c Open Shelf   |e Default branch